000 00760nam a2200205 a 4500
001 000032673
005 20240412074256.0
008 110725s1943 dr r 000 p spa d
040 _aDO-SdBNP
_bspa
_cBNPHU
082 _aRD861.4
_bB352L
100 1 _aBautista Lamarche, Juan
_d1894
_958549
245 1 3 _aEl libro de nuestros hijos :
_bpoemas /
_cJuan Bautista Lamarche, María Patín Pichardo de Lamarche.
260 _aCiudad Trujillo,República Dominicana :
_bLa Nación de Luis Sánchez Andújar,
_c1943.
300 _a165 p. ;
_c17 cm.
590 _aInventariado, 2018/ YL
650 0 _aPoesía dominicana
_966
650 0 _aLiteratura dominicana.
_967
700 1 _aPichardo de Lamarche, María Patín
_958550
910 _aValidado. Control de calidad MFF
999 _c32164
_d32164